El antiguo Egipto y las civilizaciones mesopotámicas : (Record no. 190568)

MARC details
000 -LEADER
campo de control de longitud fija 00923cam a2200265 c 4500
001 - NÚMERO DE CONTROL
campo de control 190568
003 - IDENTIFICADOR DE NÚMERO DE CONTROL
campo de control ES-MaACL
005 - FECHA Y HORA DE LA ÚLTIMA TRANSACCIÓN
campo de control 20250929063311.0
008 - DATOS DE LONGITUD FIJA--INFORMACIÓN GENERAL
campo de control de longitud fija 210930s2016 sp a 001 0 spa
080 ## - NÚMERO DE LA CLASIFICACIÓN DECIMAL UNIVERSAL
Número de la Clasificación Decimal Universal 930.85(620)
080 ## - NÚMERO DE LA CLASIFICACIÓN DECIMAL UNIVERSAL
Número de la Clasificación Decimal Universal 94(620)
080 ## - NÚMERO DE LA CLASIFICACIÓN DECIMAL UNIVERSAL
Número de la Clasificación Decimal Universal 935.8
100 1# - ENTRADA PRINCIPAL--NOMBRE DE PERSONA
Nombre de persona Cordón i Solà-Sagalés, Irene,
Fechas asociadas al nombre 1972-
9 (RLIN) 173710
245 13 - MENCIÓN DEL TÍTULO
Título El antiguo Egipto y las civilizaciones mesopotámicas :
Resto del título los primeros imperios de la historia /
Mención de responsabilidad, etc. Irene Cordón i Solà-Sagalés.
260 ## - PUBLICACIÓN, DISTRIBUCIÓN, ETC.
Lugar de publicación, distribución, etc. [Barcelona] :
Nombre del editor, distribuidor, etc. EMSE EDAPP,
Fecha de publicación, distribución, etc. [2016]
300 ## - DESCRIPCIÓN FÍSICA
Extensión 160 p. :
Otras características físicas il., 2 mapas col. ;
Dimensiones 19 cm.
490 1# - MENCIÓN DE SERIE
Mención de serie Descubrir la historia
651 #4 - PUNTO DE ACCESO ADICIONAL DE MATERIA--NOMBRE GEOGRÁFICO
Nombre geográfico Egipto-
Subdivisión general Civilización.
9 (RLIN) 8138
651 #4 - PUNTO DE ACCESO ADICIONAL DE MATERIA--NOMBRE GEOGRÁFICO
Nombre geográfico Egipto-
Subdivisión general Historia.
9 (RLIN) 137127
651 #4 - PUNTO DE ACCESO ADICIONAL DE MATERIA--NOMBRE GEOGRÁFICO
Nombre geográfico Mesopotamia-
Subdivisión general Historia.
9 (RLIN) 9056
830 1# - PUNTO DE ACCESO ADICIONAL DE SERIE-TÍTULO UNIFORME
Título uniforme Descubrir la historia
9 (RLIN) 193500
852 4# - LOCALIZACIÓN
Ubicación ES-MaACL
itemnumber 197746
Sublocalización o colección R.152316
Número de control de estantería A-11265
Signatura antigua Olim: N-7791
Ubicación en estantería Depósito 1
942 ## - ELEMENTOS DE ENTRADA SECUNDARIOS (KOHA)
Fuente del sistema de clasificación o colocación Clasificación decimal universal
Holdings
Estatus retirado Estado de pérdida Fuente del sistema de clasificación o colocación Estado de daño No para préstamo Biblioteca de origen Biblioteca actual Ubicación en estantería Fecha de adquisición Fuente de adquisición Total de préstamos Signatura topográfica completa Código de barras Visto por última vez Precio de reemplazo Tipo de ítem Koha
    Clasificación decimal universal     Biblioteca del Ateneo de Madrid Biblioteca del Ateneo de Madrid Depósito 1 30/09/2021 Donación   A-11265 1202709 23/02/2023 23/02/2023 Libro impreso